Datum a čas kvízu
43
Celkem bodů
Celkový počet nahraných bodů na tomto kvízu bez doplňovacích otázek.
1.
Pořadí na kvízu
Konečné umístění týmu na tomto kvízu.
Zaznamenané odpovědi
| # | Otázka | Odpověď | Body | Výsledky |
|---|---|---|---|---|
| 1. | Jisté středočeské město předst... | 1 | ||
| 2. | Další z absurdních nařízení má... | 1 | ||
| 3. | Populární kapela Chinaski ozná... | 1 | ||
| 4. | Končící britská velvyslankyně... | 1 | ||
| 5. | Naše biatlonistka obsadila skv... | 1 | ||
| 6. | Současný prezident Miloš Zeman... | 1 | ||
| 7. | Který z devíti kandidátů ofici... | 1 | ||
| 8. | Kdo vlastně vyhlašuje preziden... | 1 | ||
| 9. | Napište jméno nejštědřejšího s... | 1 | ||
| 10. | Jedním ze smyšlených kandidátů... | 1 |